History Quiz

Random History or Century Quiz

Famous Men of the 20th Century Quiz Stats

 Plays Quiz Updated Jan 24, 2016

Challenge
Share
Tweet
Embed
Score 0/30 Timer 06:00
2 Plays Today
% Correct
Nelson Mandela
97.7%
Adolf Hitler
96.4%
Martin Luther King, Jr.
96.1%
Pelé
95.4%
Mohandas Gandhi
95.3%
Franklin D. Roosevelt
93.7%
Sigmund Freud
92.8%
John Paul II
92%
Charles de Gaulle
91.9%
Albert Einstein
90.5%
Frank Sinatra
90.3%
John Lennon
90.3%
Mao Zedong
90.1%
Ho Chi Minh
90%
Pablo Picasso
89.5%
% Correct
Edwin Hubble
88.9%
Che Guevara
88.5%
Hirohito
87.9%
Mikhail Gorbachev
87.5%
Anwar Sadat
87.2%
Enrico Fermi
86.4%
Vladimir Lenin
81.9%
Ruhollah Khomeini
81.3%
Lech Wałęsa
80.8%
Andrei Sakharov
80.1%
James Joyce
80.1%
John Maynard Keynes
78.6%
Jonas Salk
78.1%
David Ben-Gurion
74.7%
Alexander Fleming
68.6%

You're not logged in!

Compare scores with friends on all Sporcle quizzes.
Join for Free
OR
Log In

You Might Also Like...

Show Comments

Extras

Top Quizzes Today


Score Distribution

Your Account Isn't Verified!

In order to create a playlist on Sporcle, you need to verify the email address you used during registration. Go to your Sporcle Settings to finish the process.

Report this User

Report this user for behavior that violates our Community Guidelines.

Details: